000 00225nam a22001097a 4500
003 SGT
082 _a546,LEE
100 _aLEE, J.D.
245 _aCONCISE INORGANIC CHEMISTRY
260 _bBLACKWEA PUB
942 _2ddc
_cGF BOOKS
999 _c34425
_d34425